000 00720nam a2200289 a 4500
003 AR-BaBNM
005 20251128203211.0
008 082120s2002 ||||||||||||||000 | spa||
040 _cAR-BaBNM
100 1 _aNegri, Orbit E.
245 0 0 _aAproximación semiótica a un texto dramático
260 _aBuenos Aires
_bPlus Ultra
_c1978
300 _a155 p.
490 0 _aEnsayos
650 4 _aLITERATURA ARGENTINA
650 4 _aCRITICA LITERARIA
650 4 _aTEATRO
650 4 _aSEMIOLOGIA
650 4 _aENSAYO
650 4 _aARTES ESCENICAS
653 _aPRECEPTIVA LITERARIA
653 _aCRITICA TEATRAL
655 _aLITERATURA
700 1 _aLorenzo, Ana María
942 _cBK
998 _cMARTIN
999 _c2357
_d2357